LEADER 03065nam 2200625 450 001 9910812335203321 005 20200520144314.0 010 $a1-4985-0043-9 010 $a0-7391-8897-6 035 $a(CKB)3710000000222374 035 $a(EBL)1767182 035 $a(SSID)ssj0001288446 035 $a(PQKBManifestationID)12526257 035 $a(PQKBTitleCode)TC0001288446 035 $a(PQKBWorkID)11294310 035 $a(PQKB)10883446 035 $a(MiAaPQ)EBC1767182 035 $a(Au-PeEL)EBL1767182 035 $a(CaPaEBR)ebr10909633 035 $a(CaONFJC)MIL637696 035 $a(OCoLC)891081274 035 $a(EXLCZ)993710000000222374 100 $a20140830h20142014 uy 0 101 0 $aeng 135 $aur|n|---||||| 181 $ctxt 182 $cc 183 $acr 200 04$aThe causes and consequences of group violence $efrom bullies to terrorists /$fedited by James Hawdon, John Ryan, and Marc Lucht ; contributors, Jeanne Chang [and fifteen others] 210 1$aLanham, Maryland ;$aLondon, England :$cLexington Books,$d2014. 210 4$dİ2014 215 $a1 online resource (297 p.) 300 $aDescription based upon print version of record. 311 $a1-322-06445-8 311 $a0-7391-8896-8 320 $aIncludes bibliographical references at the end of each chapters and index. 327 $aContents; Acknowledgments; Introduction; I: Perpetrators of Group Violence; 1 On the Forms and Nature of Group Violence; 2 Hate Groups; 3 Violence and Street Groups; 4 Intergroup Contact and Genocide; 5 Group Violence Against the State; 6 (Non)Violence and Conflict; 7 Killing Before an Audience; II: The Victims of Group Violence; 8 Gender, Weight, and Inequality Associated with School Bullying; 9 Victims of Online Hate Groups; 10 Selecting Targets; III: Consequences of Group Violence; 11 Consequences of Group Violence Involving Youth in Sri Lanka; 12 Gender Dimensions of Group Violence 327 $a13 CommunitiesIV: Reflections on Group Violence; 14 Group Violence Revisited; 15 Humanistic Reflections on Understanding Group Violence; Index; About the Editors; About the Contributors 330 $aThis book offers a transnational and transdisciplinary investigation of violence, ranging from bullying and hate crimes to revolutions, genocide, and terrorism. It offers empirical investigations of these specific types of violence as well as theoretical discussions of the underlying similarities and differences among these forms of violence. 606 $aViolence 606 $aSmall groups$xPsychological aspects 606 $aCollective behavior 615 0$aViolence. 615 0$aSmall groups$xPsychological aspects. 615 0$aCollective behavior. 676 $a303.6 702 $aHawdon$b James 702 $aChang$b Jeanne 801 0$bMiAaPQ 801 1$bMiAaPQ 801 2$bMiAaPQ 906 $aBOOK 912 $a9910812335203321 996 $aThe causes and consequences of group violence$94090033 997 $aUNINA LEADER 04113nam 2200721Ia 450 001 9910974506103321 005 20241107095102.0 010 $a1-282-41586-7 010 $a9786612415869 010 $a0-300-15595-6 024 7 $a10.12987/9780300155952 035 $a(CKB)2670000000015949 035 $a(EBL)3420492 035 $a(SSID)ssj0000336029 035 $a(PQKBManifestationID)11233713 035 $a(PQKBTitleCode)TC0000336029 035 $a(PQKBWorkID)10278107 035 $a(PQKB)11466746 035 $a(StDuBDS)EDZ0000165644 035 $a(DE-B1597)486117 035 $a(OCoLC)587635304 035 $a(DE-B1597)9780300155952 035 $a(Au-PeEL)EBL3420492 035 $a(CaPaEBR)ebr10348386 035 $a(CaONFJC)MIL241586 035 $a(ODN)ODN0000300535 035 $z(OCoLC)587635304 035 $a(MiAaPQ)EBC3420492 035 $a(EXLCZ)992670000000015949 100 $a20090715d2009 uy| 0 101 0 $aeng 135 $aur|n|---||||| 181 $ctxt 182 $cc 183 $acr 200 00$aComparative studies and the politics of modern medical care /$fedited by Theodore R. Marmor, Richard Freeman and Kieke G.H. Okma 205 $a1st ed. 210 $aNew Haven, CT $cYale University Press$dc2009 215 $a1 online resource (0 p.) 300 $aDescription based upon print version of record. 311 08$a0-300-14983-2 320 $aIncludes bibliographical references and index. 327 $tFrontmatter --$tContents --$tPreface --$tAcknowledgments --$t1. Comparative Policy Analysis and Health Care. An Introduction --$t2. The United States Risks for Americans and Lessons for Abroad --$t3. Canada: Health Care Reform in Comparative Perspective --$t4. Germany Evidence, Policy, and Politics in Health Care Reform --$t5. The Netherlands: From Polder Model to Modern Management --$t6. The United Kingdom: Health Policy Learning in the National Health Service --$t7. Primary Care and Health Reform: Concepts, Confusions, and Clarifications --$t8. Hospital Care in the United States, Canada, Germany, the United Kingdom, and the Netherlands --$t9. Pharmaceutical Policy and Politics in OECD Countries --$t10. Comprehensive Long- Term Care in Japan and Germany: Policy Learning and Cross- National Comparison --$t11. Regulating Private Health Insurance Markets --$t12. Learning from Others and Learning from Mistakes: Reflections on Health Policy Making --$tAppendix. National Health Accounts: A Tool for International Comparison of Health Spending --$tContributors --$tIndex 330 $aThis book offers a timely account of health reform struggles in developed democracies. The editors, leading experts in the field, have brought together a group of distinguished scholars to explore the ambitions and realities of health care regulation, financing, and delivery across countries. These wide-ranging essays cover policy debates and reforms in Canada, Germany, Holland, the United Kingdom, and the United States, as well as separate treatments of some of the most prominent issues confronting policy makers. These include primary care, hospital care, long-term care, pharmaceutical policy, and private health insurance. The authors are attentive throughout to the ways in which cross-national, comparative research may inform national policy debates not only under the Obama administration but across the world. 606 $aHealth care reform$zDeveloped countries 606 $aMedical policy$zDeveloped countries 606 $aSocial medicine$zDeveloped countries 615 0$aHealth care reform 615 0$aMedical policy 615 0$aSocial medicine 676 $a362.1 686 $aHEA000000$2bisacsh 700 $aMarmor$b Theodore R$0320979 701 $aMarmor$b Theodore R$0320979 701 $aFreeman$b Richard$01035991 701 $aOkma$b Kieke G. H$01819669 801 0$bMiAaPQ 801 1$bMiAaPQ 801 2$bMiAaPQ 906 $aBOOK 912 $a9910974506103321 996 $aComparative studies and the politics of modern medical care$94380131 997 $aUNINA